000 00287nam a2200121Ia 4500
008 191201s2006 xx 000 0 und d
100 _aSHARMA, H.D.
245 0 _a100 Great Lives
260 _aNew Delhi
_bRupa and Co.
_c2006
300 _a728
650 _aGeneral Books
942 _2ddc
_cBK
999 _c3354
_d3354